| 000 | 00624nam a2200205 a 4500 | ||
|---|---|---|---|
| 001 | 000048043 | ||
| 005 | 20201002060901.0 | ||
| 008 | 181109s2018 dr 000 p spa d | ||
| 020 | _a9789945503296 | ||
| 040 |
_aDO-SdBNP _bspa _cBNPHU |
||
| 082 |
_axxx _bL879n |
||
| 100 | 1 |
_aLosada, Jesús, _d1962- _975548 |
|
| 245 | 1 | 0 |
_aNegrura / _cJesús Losada. |
| 260 |
_aSanto Domingo : _bNacional, _c2018. |
||
| 300 |
_a81 p. ; _c21 cm. |
||
| 490 | 1 |
_aPuentes _apoesía _v2 |
|
| 500 | _aIncluye datos biográficos del autor en la solapa de la cubierta. | ||
| 590 | _aInventariado, 2018/LP | ||
| 830 | 0 |
_aPuentes ; _ppoesía _n2 _975549 |
|
| 999 |
_c47531 _d47531 |
||